[Event "Foment Martinenc op-B 21st"]
[Site "Barcelona"]
[Date "2019.06.22"]
[Round "9"]
[White "Sanchez Diaz, Lucas"]
[Black "Romeu Viladot, Emili"]
[Result "1/2-1/2"]
[WhiteElo "1518"]
[BlackElo "1660"]
[PlyCount "60"]
[EventDate "2019.04.27"]
[EventType "swiss"]
[EventRounds "9"]
[EventCountry "ESP"]
[SourceTitle "EXT 2020"]
[Source "ChessBase"]
[SourceDate "2019.10.17"]
[SourceVersion "1"]
[SourceVersionDate "2019.10.17"]
[SourceQuality "1"]

1. e4 e5 2. Nf3 Nc6 3. Bb5 a6 4. Bxc6 dxc6 5. d3 f6 6. Be3 Be6 7. 0-0 c5 8. Nbd2 b5 9. a4 c6 10. b3 Be7 11. Qe2 g5 12. Ra2 h5 13. Rfa1 b4 14. a5 Qc7 15. Nc4 h4 16. Nb6 Rd8 17. Na4 Qa7 18. Nd2 Rb8 19. Nc4 Rb5 20. Nab6 g4 21. g3 hxg3 22. hxg3 Bf8 23. Kg2 Qh7 24. f3 Qh2+ 25. Kf1 Qh1+ 26. Bg1 gxf3 27. Qf2 Bh3+ 28. Ke1 Nh6 29. Ne3 Ng4 30. Nxg4 Bxg4 1/2-1/2

[Event "Barcelona Tres Peons-D 45th"]
[Site "Barcelona"]
[Date "2016.04.15"]
[Round "1.4"]
[White "Sanchez Diaz, Lucas"]
[Black "Moreno Rivilla, Francisco"]
[Result "0-1"]
[WhiteElo "1649"]
[BlackElo "1556"]
[PlyCount "52"]
[EventDate "2016.04.15"]
[EventType "swiss"]
[EventRounds "9"]
[EventCountry "ESP"]
[SourceTitle "EXT 2024"]
[Source "ChessBase"]
[SourceDate "2023.10.10"]
[SourceVersion "1"]
[SourceVersionDate "2023.10.10"]
[SourceQuality "1"]

1. e4 d5 2. exd5 Nf6 3. c4 e5 4. Nf3 Ng4 5. d4 Bb4+ 6. Bd2 Qe7 7. dxe5 Bc5 8. Be3 Nxe3 9. fxe3 Bxe3 10. Qe2 Qb4+ 11. Nbd2 Qxb2 12. Nb3 Qxe2+ 13. Bxe2 Bf4 14. e6 fxe6 15. dxe6 Bxe6 16. Nc5 Be5 17. Nxe6 Na6 18. c5 Ke7 19. Bxa6 bxa6 20. Nxc7 Rad8 21. Nxa6 Bxa1 22. Nb4 Rhe8 23. Nc6+ Kd7+ 24. Kd2 Kxc6+ 25. Kc1 Kxc5 26. Rf1 Re2 0-1